01281nam0a22002651 4500001001500000005001700015035002600032100004100058101000800099102000700107105001800114200028900132210007700421215003800498300004200536320006800578702008600646702010000732702007600832801001800908801002200926801002700948852002200975852001800997v19\rc\166489320250619052832.0 a(NLR Aleph) 004840398 a20061002d1892 |||y0rusy50 ca0 arus aRU ab z |||||1 aБудущая война по Сарматикусу и Антисарматикусу [псевд. П.А. Гейсмана]eС карт. Европы между меридианами Москвы и Парижа в масштабе 50 в. в дюймеfСост. Казак aБрест-Литовскcтипо-лит. А. Розенталяd1892 a[4], 130 с., 1 л. карт.d26 aПредисл.: Сарматикус aБиблиогр.: "Источники" (в начале кн.) 1aГейсманbП.А.f1853-1919gПлатон Александрович4570 1aЛибертbЭ.В.Х. фонf1850-1934gЭдуард Вильгельм Ханс фон4570 1aГрековbА.М.f1832-gАлександр Матвеевич4220 0aRUbNLRgpsbo 0aRUbRuMoRGB2psbo 1aRUbProSoft-M2rusmarc aNLRj18.134.2.199 aNLRj127/1104